| 000 | 01154nam a22002535i 4500 | ||
|---|---|---|---|
| 001 | 167006 | ||
| 003 | ES-MaACL | ||
| 005 | 20251015191012.0 | ||
| 008 | 010511s1842 sp |||| | spa d | ||
| 040 |
_aCCPB | B _bspa _cCCPB | B |
||
| 080 | _a821.133.1-23"18" | ||
| 100 | 1 |
_aVarin ( _d1798-1869) _9133561 |
|
| 245 | 1 | 3 |
_aEl ciego _b: comedia en un acto / _cescrita en francés por Varin ; (traducción de J. del Peral). |
| 260 |
_a[Madrid : _bs.n., _c1842] ( _fimp. de F. Suárez) |
||
| 300 |
_a14 p. ; _c25 cm. |
||
| 490 | 1 |
_aMuseo dramático ó Colección de comedias del teatro estrangero, representado en los principales de la corte ; _v2 |
|
| 594 | _aAutor y título tomado del principio del texto. | ||
| 596 | _aRepresentada por primera vez en el teatro del Liceo de Madrid el día 17 de marzo de 1842. | ||
| 700 | 1 |
_aPeral, Juan del, _dm. 1888 _9130982 |
|
| 830 | 0 | 0 |
_aMuseo dramático ó Colección de comedias del teatro estranjero representadas en los principales teatros de la corte _v2 _9242030 |
| 852 |
_aES-MaACL _jF-7488(2) _z-- Enc. hol.- Enc. en un vol. facticio |
||
| 999 |
_c167006 _d167006 |
||